Trasa linii 7 - Poznań - Statystyki

Ogólne statystyki
  • Ten quiz został rozwiązany 142 razy
  • Średni wynik to 16 z 21
Statystyki odpowiedzi
Przystanek % Poprawnych
1 Ogrody
95%
17 Rondo Rataje
88%
20 Rondo Śródka
85%
18 Kórnicka
84%
21 Zawady
84%
7 Głogowska/Hetmańska
80%
19 Baraniaka`
79%
12 Rondo Starołęka
78%
13 Rondo Starołęka
78%
4 Rondo Nowaka-Jeziorańskiego
74%
9 Traugutta
74%
2 Żeromskiego
73%
6 Arciszewskiego
71%
10 Rolna
71%
5 Arena
70%
8 Kolejowa
69%
11 Hetmańska Wiadukt
68%
3 Bukowska
67%
16 Wioślarska
62%
14 Os. Rzeczypospolitej
56%
15 Os. Piastowskie
52%
Nie znaleziono quizów pasujących do podanych kryteriów
Rozkład punktacji
Procent ludzi z każdym wynikiem
Percentyl według liczby udzielonych odpowiedzi
Twoja historia wyników
Nie rozwiązałeś tego quizu